|
|
|
|
| LEADER |
00872nam a2200229 a 4500 |
| 001 |
010703325 |
| 008 |
880413s1987 enka 000 eng d |
| 020 |
|
|
|a 0582093082
|
| 040 |
|
|
|a Uk
|c Uk
|
| 082 |
|
|
|a 428.2/4/02465
|2 19
|
| 100 |
1 |
|
|a Ellis, Mark,
|d 1945-
|
| 245 |
1 |
0 |
|a Socializing /
|c Mark Ellis and Nina O'Driscoll.
|
| 260 |
|
|
|a Harlow :
|b Longman,
|c 1987.
|
| 300 |
|
|
|a 94p. :
|b ill. ;
|c 25cm.
|
| 490 |
0 |
|
|a Longman business English skills
|
| 541 |
1 |
|
|e 00014323
|
| 650 |
0 |
|
|a English language
|x Text-books for foreign speakers.
|
| 650 |
0 |
|
|a English language
|x Business English.
|
| 700 |
1 |
|
|a O'Driscoll, Nina.
|
| 852 |
4 |
|
|a Ayesha Abed Library
|j General Shelf.
|
| 999 |
|
|
|c 3479
|d 3479
|
| 952 |
|
|
|0 0
|1 4
|2 ddc
|4 0
|6 428_240246500000000_ELL
|7 0
|9 3159
|a BRACUL
|b BRACUL
|c GEN
|d 2009-09-01
|g 1290.00
|l 0
|o 428.2402465 ELL
|p 3010014323
|r 2009-09-01
|t 1
|w 2009-09-01
|y BK
|x Koha Inventory 2020
|